00585 2200205 4500001002100000005001700021008004100038035002400079040001200103082001800115090002000133245005700153260007400210300002500284650001000309850001200319990001600331990001600347990001600363YOGYA-1112000000031720121120073141.0 ind  0010-111200000000317 aYOPDYOG 2[22]a746.662 aCoE 746.662 MEN aMENGENAL kain batik tradisional dan proses membatik. aYogyakarta :bBagian Edukator Museum, Museum Batik Yogyakarta,d1979. a25 lembar. ;c29 cm. aBatik aYOPDYOG a535-PD/A.12 a534-PD/A.12 a533-PD/A.12